| 000 | 00546nam a22001937a 4500 | ||
|---|---|---|---|
| 003 | LK-CoMWRAF | ||
| 005 | 20231022111807.0 | ||
| 008 | 231022b1998 |||||||| |||| 00| 0 eng d | ||
| 020 | _a0684833387 | ||
| 040 |
_aLK-CoMWRAF _dLK-CoMWRAF _eLK-CoMWRAF |
||
| 041 | _aeng | ||
| 082 |
_a158.1 _bBRA |
||
| 100 | _aBranden, Nathaniel | ||
| 245 |
_aNathaniel Branden's self-esteem every day: _breflections on self-esteem and spirituality |
||
| 260 |
_aNew York: _bFireside, _c1998 |
||
| 300 | _a411 p. ; 16 cm. | ||
| 650 | _aSELF-ESTEEM | ||
| 942 | _cBK | ||
| 999 |
_c3972 _d3972 |
||